000 01147cam a2200217 4500
001 ABS66006
008 021025n2002 000 0 eng u
035 _a(Sirsi) u120265
100 _aStanton, J.
245 _aAre the new contract changes working?
260 _c2002
490 _aContract Journal
_v415(6396) 25 September 2002, 6-7(2)
520 _aTo improve the performance of the construction industry, the industry's contract conditions would have to be changed. Latham's report "Constructing the team", proposed fair principles for contract terms. A new report commissioned by the RICS Foundation, "Construction contract policy: do we mean what we say?" highlights that the construction industry still faces the old problems. This article reports on the RICS Foundation report that takes the format of a series of hypotheses and examines the respondents' reactions to them.
590 _aABS
650 _aABOUT RICS-RELATED ORGANISATIONS-RICS FOUNDATION
650 _aLATHAM REFORMS
650 _aCONTRACT CONDITIONS
650 _aCONSTRUCTION INDUSTRY
690 _aBUILT ENVIRONMENT-BUILDING CONTRACT FORMS
942 _n0
999 _c71449
_d71449